A foreign economic policy for the 1970's

Shranjeno v:
Bibliografske podrobnosti
Format: Knjiga
Jezik:Undetermined
Izdano: Washington 1970
Teme:
Oznake: Označite
Brez oznak, prvi označite!
Thư viện lưu trữ: Trung tâm Học liệu Trường Đại học Cần Thơ
LEADER 00429nam a2200157Ia 4500
001 CTU_84349
008 210402s9999 xx 000 0 und d
082 |a 338.973 
082 |b F714 
245 2 |a A foreign economic policy for the 1970's 
260 |a Washington 
260 |c 1970 
650 |a United States 
650 |x Commercial policy 
904 |i Qhieu(sửa) 
980 |a Trung tâm Học liệu Trường Đại học Cần Thơ